PDC Darts Development Tour Winners 2024 - Statistiken

Allgemein
  • Dieses Quiz wurde 22 mal gespielt
  • Das Durchschnittsergebnis liegt bei 4 aus 5
Antwortstatistiken
Land Spieler % Korrekt
Niederlande Gian van Veen
94%
Irland Keane Barry
94%
Irland Keane Barry
94%
Niederlande Danny Jansen
56%
Niederlande Jurjen van der Velde
44%
Keine übereinstimmenden Quizze gefunden
Verteilung der Resultate
Anzahl Personen mit jedem Resultat
Perzentil nach korrekt beantworteten Fragen
Ihre Resultats-Entwicklung
Sie haben dieses Quiz noch nicht gespielt